| 000 | 00812nam a2200253Ia 4500 | ||
|---|---|---|---|
| 003 | OSt | ||
| 005 | 20220925223906.0 | ||
| 006 | a|||||r|||| 00| 0 | ||
| 007 | ta | ||
| 008 | 220923b |||||||| |||| 00| 0 eng d | ||
| 020 |
_a9780415448529 _c1748.0899999999999 |
||
| 037 |
_bBBS/0142, 14/03/2014, Better Book Service _cGeneral Book |
||
| 040 |
_aRTL _cRTL _beng |
||
| 041 |
_2eng _aeng |
||
| 082 | _aY9(Q).49G, Q3 | ||
| 100 |
_aPECHILIS Karen _9290311 |
||
| 245 | 0 |
_aSouth asian religions _b Tradition and today |
|
| 260 |
_aLondon _bRoutledge _c2013 |
||
| 300 |
_ax, 259p _ccm. |
||
| 650 | _aSociology | ||
| 700 |
_a RAJ Selva J _9230860 |
||
| 942 |
_hY9(Q).49G, Q3 _cGB _2CC |
||
| 999 |
_c580589 _d580589 |
||